Rappers by Meme #1 - Statistics

General Stats
  • This quiz has been taken 3,060 times
  • The average score is 12 of 16
Answer Stats
Picture Answer % Correct
Drake
100%
Kanye West
98%
P. Diddy
95%
Eminem
94%
DJ Khaled
88%
Travis Scott
87%
Tyler, the Creator
87%
Jay-Z
84%
DaBaby
81%
XXXTentacion
81%
Cardi B
72%
Lil Yachty
56%
J. Cole
53%
Young Thug
53%
Doja Cat
51%
Yuno Miles
7%
No matching quizzes found
Score Distribution
Percent of People with Each Score
Percentile by Number Answered
Your Score History
You have not taken this quiz